Corso elementare di economia domestica

Gespeichert in:
Bibliographische Detailangaben
1. Verfasser: Ristori, Giovanni Battista.
Format: Buch
Sprache:Italienisch
Erschienen: Arezzo Bellotti 1846
Katalog:EDISCO:  Suchergebnis im Bibliothekskatalog
Schulbuchspezifische Eigenschaften:
Tags: Tag hinzufügen
Keine Tags, Fügen Sie den ersten Tag hinzu!
Hinzugefügt zu:30.04.2016
Geändert in:18.10.2017

MARC

LEADER 00000aam a22000007 4500
001 06439
003 OSt
005 20171018095118.0
008 160501s1846 it 000 0 ita
040 |c Gianfranco Bandini - Firenze - CLIO 
041 1 |a ita 
100 1 |a Ristori, Giovanni Battista. 
245 0 0 |a Corso elementare di economia domestica 
260 |a Arezzo  |b Bellotti  |c 1846 
300 |a 113, 4 pro, 1/x ;  
901 |a 7 
942 |2 ddc  |c BK 
546 |a ita 
999 |c 6428  |d 6428 
999 |c edisco:6428  |d 6428